000 00494nam a22001337a 4500
005 20241007102342.0
008 241007b |||||||| |||| 00| 0 eng d
100 _aVentura, Elmer Z.
_eauthor.
_962415
245 _aTen useful tips for theft prevention during school vacation /
_cElmer Z. Ventura.
260 _aPhilippines:
_bPublishers Association of the Philippines, Inc.,
_cMarch 2019.
300 _aVolume 66, pages 378.
700 _aVentura, Elmer Z.
_eauthor.
_962416
942 _2ddc
_cPER
999 _c22288
_d22288